Management accounting at Vietnamese enterprises = Kế toán quản trị tại các doanh nghiệp Việt Nam (Sách chuyên khảo)

Trong cuốn sách chuyên khảo này, tác giả tập trung đề cập đến vai trò của kế toán quản trị trong việc quản lý điều hành doanh nghiệp, cũng như điều kiện và các nhân tố ảnh hưởng đến việc áp dụng các phần hành kế toán quản trị trong doanh...

全面介绍

Đã lưu trong:
书目详细资料
主要作者: Huỳnh, Quang Linh
格式: 图书
语言:Undetermined
出版: Cần Thơ Đại học Cần Thơ 2016
主题:
标签: 添加标签
没有标签, 成为第一个标记此记录!
Thư viện lưu trữ: Trung tâm Học liệu Trường Đại học Cần Thơ
LEADER 01093nam a2200217Ia 4500
001 CTU_211326
008 210402s9999 xx 000 0 und d
020 |c 100000 
082 |a 658.1511 
082 |b L312 
100 |a Huỳnh, Quang Linh 
245 0 |a Management accounting at Vietnamese enterprises = 
245 0 |b Kế toán quản trị tại các doanh nghiệp Việt Nam (Sách chuyên khảo) 
245 0 |c Huỳnh Quang Linh 
260 |a Cần Thơ 
260 |b Đại học Cần Thơ 
260 |c 2016 
520 |a Trong cuốn sách chuyên khảo này, tác giả tập trung đề cập đến vai trò của kế toán quản trị trong việc quản lý điều hành doanh nghiệp, cũng như điều kiện và các nhân tố ảnh hưởng đến việc áp dụng các phần hành kế toán quản trị trong doanh nghiệp Việt Nam 
650 |a Managerial accounting,Kế toán quản trị 
904 |i Tuyến 
980 |a Trung tâm Học liệu Trường Đại học Cần Thơ